000 00651nam a22002057a 4500
999 _c10703
_d10703
003 AR-CdUCM
008 190401b ||||| |||| 00| 0 spa d
040 _aMUNICIPALIDAD PROVINCIAL DEL CUSCO
_cBIBLIOTECA MUNICIPAL DEL CUSCO
082 _aES / 800 /
_bS79
100 _aStevenson, Robert L.
_927693
245 _aLa isla del tesoro /
260 _aLima :
_bFondo editorial navarrete,
300 _a127 paginas ;
_c14 cm.
440 _aSerie descubrimiento literario.
_927685
505 _aContenido :La isla del tesoro.
650 _aLiteratura peruana
_9169
650 _aLiteratura contemporánea
_9759
942 _2ddc
_cLIBROS
945 _arum